गुरुकुल पर्यायवाची शब्दकोष / (Record no. 118375)

MARC details
000 -LEADER
fixed length control field 01327nam a22002777a 4500
005 - DATE AND TIME OF LATEST TRANSACTION
control field 20170124103111.0
010 ## - LIBRARY OF CONGRESS CONTROL NUMBER
LC control number B-179425
020 ## - INTERNATIONAL STANDARD BOOK NUMBER
Terms of availability 300.00
International Standard Book Number 818803207
035 ## - SYSTEM CONTROL NUMBER
System control number B-179425
037 ## - SOURCE OF ACQUISITION
Source of stock number/acquisition Cen Lib/Ret
040 ## - CATALOGING SOURCE
Original cataloging agency DPL
Language of cataloging HN
082 ## - DEWEY DECIMAL CLASSIFICATION NUMBER
Classification number 423.31
Item number गुरुकु
100 ## - MAIN ENTRY--PERSONAL NAME
Personal name
9 (RLIN) 79788
245 ## - TITLE STATEMENT
Title गुरुकुल पर्यायवाची शब्दकोष /
Statement of responsibility, etc संपादक एस.पी. परमहंस [एवं] शिखा त्रिवेदी
246 ## - VARYING FORM OF TITLE
Title proper/short title Gurukul pryayivachi shabdkosh /
Remainder of title sampadak S.P. Paramhans [evam] Shikha Trivedi
260 ## - PUBLICATION, DISTRIBUTION, ETC. (IMPRINT)
Place of publication, distribution, etc दिल्ली
Name of publisher, distributor, etc दिल्ली पुस्तक सदन
Date of publication, distribution, etc 2005
270 ## - ADDRESS
City दिल्ली
Address 30/३६, लेन न.-९, विश्वास नगर, शाहदरा
Postal code 110032
300 ## - PHYSICAL DESCRIPTION
Extent 256पृ.
Dimensions 20सेमी(सजिल्द )
650 ## - SUBJECT ADDED ENTRY--TOPICAL TERM
Topical term or geographic name as entry element हिन्दी --भाषा
General subdivision
Geographic subdivision
9 (RLIN) 79789
650 ## - SUBJECT ADDED ENTRY--TOPICAL TERM
Topical term or geographic name as entry element हिन्दी --भाषा--पर्यायवाची--कोश
9 (RLIN) 79790
650 ## - SUBJECT ADDED ENTRY--TOPICAL TERM
Topical term or geographic name as entry element Hindi--bhasha
9 (RLIN) 43966
650 ## - SUBJECT ADDED ENTRY--TOPICAL TERM
Topical term or geographic name as entry element Hindi--bhasha--synonmys--dictionary
9 (RLIN) 79791
700 ## - ADDED ENTRY--PERSONAL NAME
Personal name परमहंस, एस.पी
9 (RLIN) 79792
700 ## - ADDED ENTRY--PERSONAL NAME
Personal name त्रिवेदी, शिखा
9 (RLIN) 79793
942 ## - ADDED ENTRY ELEMENTS (KOHA)
Source of classification or shelving scheme Dewey Decimal Classification
Koha item type Hindi Books
Classification part 423.31
Call number suffix गुरुकु
Holdings
Withdrawn status Lost status Damaged status Not for loan Home library Current library Date acquired Source of acquisition Cost, normal purchase price Total Checkouts Full call number Barcode Date last seen Copy number Cost, replacement price Price effective from Koha item type
        Central Library Central Library 11/09/2015 Cen Lib/Ref 300.00   423.31 गुरुकु B-179425 11/09/2015 1 300.00 11/09/2015 Hindi Books

© Delhi Public Library
Hit Counter
free hit counter